| 000 -LEADER |
| fixed length control field |
00697nam a22002297a 4500 |
| 001 - CONTROL NUMBER |
| control field |
6413 |
| 003 - CONTROL NUMBER IDENTIFIER |
| control field |
BD-DhUAP |
| 005 - DATE AND TIME OF LATEST TRANSACTION |
| control field |
20201217153724.0 |
| 008 - FIXED-LENGTH DATA ELEMENTS--GENERAL INFORMATION |
| fixed length control field |
201217s2003 ii a 000 0 eng |
| 040 ## - CATALOGING SOURCE |
| Original cataloging agency |
DLC |
| Transcribing agency |
CarP |
| Modifying agency |
BD-DhUAP |
| Language of cataloging |
Eng |
| 082 ## - DEWEY DECIMAL CLASSIFICATION NUMBER |
| Edition number |
23 |
| Classification number |
625.1 RAN |
| 100 1# - MAIN ENTRY--PERSONAL NAME |
| Personal name |
Ringwala, S. C. |
| 245 10 - TITLE STATEMENT |
| Title |
Principles of railway engineering / |
| Statement of responsibility, etc. |
S. C. Rangwala, K. S. Rangwala and P. S. Rangwala. |
| 250 ## - EDITION STATEMENT |
| Edition statement |
14th rev. & enl. ed. |
| 260 ## - PUBLICATION, DISTRIBUTION, ETC. |
| Place of publication, distribution, etc. |
Anand, India : |
| Name of publisher, distributor, etc. |
Charotar Book Stall, |
| Date of publication, distribution, etc. |
2003. |
| 300 ## - PHYSICAL DESCRIPTION |
| Extent |
xvi, 400 pages : |
| Other physical details |
illustrations ; |
| Dimensions |
22 cm. |
| 500 ## - GENERAL NOTE |
| General note |
Includes index. |
| 650 #0 - SUBJECT ADDED ENTRY--TOPICAL TERM |
| Topical term or geographic name entry element |
Railroad engineering. |
| 700 ## - ADDED ENTRY--PERSONAL NAME |
| Personal name |
Rangwala, K. S. |
| 700 ## - ADDED ENTRY--PERSONAL NAME |
| Personal name |
Rangwala, P. S. |
| 942 ## - ADDED ENTRY ELEMENTS (KOHA) |
| Source of classification or shelving scheme |
|
| Koha item type |
Book |